[Event "POL-chT U19 2nd League"]
[Site "Szczyrk"]
[Date "2014.07.27"]
[Round "4.33"]
[White "Leskiewicz, Ignacy"]
[Black "Guzik, Natalia"]
[Result "0-1"]
[WhiteElo "1683"]
[BlackElo "1539"]
[PlyCount "112"]
[EventDate "2014.07.25"]
[EventType "team-swiss"]
[EventRounds "11"]
[EventCountry "POL"]
[SourceTitle "EXT 2015"]
[Source "ChessBase"]
[SourceDate "2014.11.20"]
[SourceVersion "1"]
[SourceVersionDate "2014.11.20"]
[SourceQuality "1"]
[WhiteTeam "Konin UKS Smecz U19"]
[BlackTeam "Wielun UKS Piatka U19"]
[WhiteTeamCountry "POL"]
[BlackTeamCountry "POL"]

1. e4 c5 2. Nf3 Nc6 3. d4 cxd4 4. Nxd4 g6 5. Nc3 Bg7 6. Be3 Nf6 7. Bc4 0-0 8. Bb3 d6 9. f3 a6 10. Qd2 Qc7 11. g4 Ne5 12. h4 Nc4 13. Bxc4 Qxc4 14. h5 e6 15. hxg6 fxg6 16. 0-0-0 b5 17. Kb1 Rb8 18. Qh2 b4 19. Nce2 e5 20. Nb3 Qc7 21. Ng3 Bh8 22. Rdg1 Rf7 23. Qd2 a5 24. g5 Nd7 25. Qd5 Bb7 26. Qe6 Nf8 27. Qh3 Rxf3 28. Re1 Bxe4 29. Qg2 Ba8 30. Qh2 Rc8 31. Rhf1 a4 32. Rxf3 Bxf3 33. Nc1 a3 34. Nd3 axb2 35. Nxb4 Qc4 36. Qd2 Rb8 37. a3 Ra8 38. Kxb2 e4+ 39. c3 Be5 40. Bf4 Bxf4 41. Qxf4 d5 42. Qe5 Rd8 43. Qd4 Qxd4 44. cxd4 Ne6 45. Nc6 Rd7 46. Rc1 Rb7+ 47. Kc3 Rc7 48. Kd2 Nxg5 49. a4 Kf8 50. a5 Bg4 51. Nb4 Nf3+ 52. Kd1 Nxd4+ 53. Ne2 Bxe2+ 54. Kd2 e3+ 55. Kxe3 Rxc1 56. Kxd4 Rc4+ 0-1

[Event "POL-chT U19 2nd League"]
[Site "Szczyrk"]
[Date "2014.07.25"]
[Round "1.111"]
[White "Guzik, Natalia"]
[Black "Komandera, Pawel"]
[Result "1-0"]
[WhiteElo "1539"]
[BlackElo "1453"]
[PlyCount "45"]
[EventDate "2014.07.25"]
[EventType "team-swiss"]
[EventRounds "11"]
[EventCountry "POL"]
[SourceTitle "EXT 2015"]
[Source "ChessBase"]
[SourceDate "2014.11.20"]
[SourceVersion "1"]
[SourceVersionDate "2014.11.20"]
[SourceQuality "1"]
[WhiteTeam "Wielun UKS Piatka U19"]
[BlackTeam "Imielin MKSz Diagonalia U19"]
[WhiteTeamCountry "POL"]
[BlackTeamCountry "POL"]

1. e4 b6 2. Bc4 Bb7 3. d3 e6 4. Nf3 Be7 5. 0-0 d5 6. exd5 exd5 7. Bb3 Nf6 8. Nd4 Qd7 9. Qf3 c5 10. Nf5 0-0 11. Bh6 d4 12. Qg3 g6 13. Nxe7+ Qxe7 14. Bxf8 Kxf8 15. Nd2 Nc6 16. Rae1 Qd8 17. Qf4 Kg7 18. Ne4 Rc8 19. Nd6 Rc7 20. g4 a6 21. g5 Nh5 22. Ne8+ Kf8 23. Qh4 1-0

[Event "EU-ch U12 Girls 23rd"]
[Site "Budva"]
[Date "2013.10.02"]
[Round "4"]
[White "Guzik, Natalia"]
[Black "Nestorovic, Katarina"]
[Result "1-0"]
[WhiteElo "1477"]
[BlackElo "1565"]
[PlyCount "101"]
[EventDate "2013.09.29"]
[EventType "swiss"]
[EventRounds "9"]
[EventCountry "MNE"]
[SourceTitle "EXT 2014"]
[Source "ChessBase"]
[SourceDate "2013.11.20"]
[SourceVersion "1"]
[SourceVersionDate "2013.11.20"]
[SourceQuality "1"]

1. e4 c5 2. Nf3 e6 3. d4 cxd4 4. Nxd4 Nf6 5. Nc3 d6 6. Be3 Nc6 7. f3 Be7 8. Qd2 0-0 9. 0-0-0 a6 10. g4 Ne5 11. h4 b5 12. h5 Bb7 13. g5 Nfd7 14. f4 b4 15. Nb1 Bxe4 16. fxe5 Bxh1 17. exd6 Bxd6 18. Nxe6 fxe6 19. Qxd6 Bd5 20. Bh3 Re8 21. Qxb4 Qe7 22. Qf4 Rf8 23. Qd4 Rab8 24. Nc3 Nb6 25. Qe5 Rfe8 26. Bxb6 Rxb6 27. Nxd5 exd5 28. Qxd5+ Kh8 29. Kb1 Rb5 30. Qd7 Re5 31. Qxe7 R5xe7 32. g6 h6 33. b3 Re1 34. Kc1 Rxd1+ 35. Kxd1 Re4 36. Bf5 Rh4 37. c4 Rxh5 38. Be6 Rh1+ 39. Kc2 Rh2+ 40. Kb1 Rh5 41. Kb2 Re5 42. Bd5 Rg5 43. b4 h5 44. a4 Re5 45. b5 axb5 46. axb5 Re2+ 47. Kc3 Re8 48. b6 h4 49. b7 h3 50. c5 h2 51. c6 1-0

[Event "EU-ch U12 Girls 23rd"]
[Site "Budva"]
[Date "2013.09.29"]
[Round "1"]
[White "Beshukova, Alina"]
[Black "Guzik, Natalia"]
[Result "0-1"]
[WhiteElo "1745"]
[BlackElo "1477"]
[PlyCount "160"]
[EventDate "2013.09.29"]
[EventType "swiss"]
[EventRounds "9"]
[EventCountry "MNE"]
[SourceTitle "EXT 2014"]
[Source "ChessBase"]
[SourceDate "2013.11.20"]
[SourceVersion "1"]
[SourceVersionDate "2013.11.20"]
[SourceQuality "1"]

1. c4 c5 2. Nf3 Nc6 3. Nc3 e6 4. e3 Nf6 5. d4 d5 6. cxd5 exd5 7. a3 a6 8. Be2 c4 9. b3 cxb3 10. Qxb3 b5 11. 0-0 Na5 12. Qc2 Nc4 13. Rd1 Bb7 14. Ne5 Bd6 15. a4 b4 16. Na2 Nxe5 17. dxe5 Bxe5 18. Rb1 Rc8 19. Qf5 Qc7 20. f4 Bc3 21. Nxb4 Bxb4 22. Rxb4 0-0 23. Bb2 Qe7 24. Rb3 Ne4 25. Ba3 Nc5 26. Rdb1 Rfe8 27. Bxc5 Qxc5 28. Qd3 Ba8 29. h3 a5 30. Qb5 Qa7 31. Kh1 Rxe3 32. Rxe3 Qxe3 33. Qb8 Qe8 34. Qb5 Bc6 35. Qa6 Ra8 36. Qb6 d4 37. Bb5 Bxb5 38. Rxb5 d3 39. Rd5 d2 40. Qd6 Qxa4 41. Qd8+ Qe8 42. Qxe8+ Rxe8 43. Rxd2 f6 44. g3 Re1+ 45. Kg2 Ra1 46. Rd8+ Kf7 47. Ra8 a4 48. Kf3 f5 49. Kf2 a3 50. Ra6 a2 51. Kg2 Ke7 52. Ra3 Kd6 53. Ra8 Kc6 54. Ra3 h6 55. Ra6+ Kb5 56. Ra8 Kc4 57. Rc8+ Kd5 58. Rd8+ Ke6 59. Ra8 g5 60. Ra6+ Kd5 61. Ra5+ Kc4 62. Ra4+ Kb5 63. Ra8 gxf4 64. gxf4 Kc4 65. Ra4+ Kd3 66. Ra3+ Ke4 67. Ra4+ Ke3 68. h4 h5 69. Kh2 Kf3 70. Ra3+ Kxf4 71. Ra4+ Kf3 72. Ra3+ Ke2 73. Ra8 f4 74. Re8+ Kf2 75. Ra8 f3 76. Ra7 Kf1 77. Kg3 Kg1 78. Kh3 f2 79. Rg7+ Kh1 80. Rg1+ fxg1N+ 0-1

[Event "POL Olympiad U12 Girls"]
[Site "Walbrzych"]
[Date "2013.??.??"]
[Round "9.1"]
[White "Guzik, Natalia"]
[Black "Kaczmarska, Joanna"]
[Result "1-0"]
[WhiteElo "1389"]
[BlackElo "1642"]
[PlyCount "112"]
[EventDate "2013.04.??"]
[EventType "team-swiss"]
[EventRounds "9"]
[EventCountry "POL"]
[SourceTitle "EXT 2015"]
[Source "ChessBase"]
[SourceDate "2014.11.20"]
[SourceVersion "1"]
[SourceVersionDate "2014.11.20"]
[SourceQuality "1"]

1. e4 e5 2. Bc4 Nf6 3. d3 c6 4. Nf3 d5 5. exd5 cxd5 6. Bb3 Nc6 7. c3 Bg4 8. h3 Bh5 9. Nbd2 Bc5 10. 0-0 0-0 11. Re1 Qb6 12. Qe2 e4 13. g4 exf3 14. Qxf3 Bg6 15. h4 h6 16. d4 Bd6 17. g5 hxg5 18. hxg5 Nh7 19. Bxd5 Rfe8 20. Rxe8+ Rxe8 21. Nc4 Qc7 22. Be3 Nf8 23. Kg2 Na5 24. Nxa5 Qxa5 25. Bxb7 Qb6 26. b3 Re7 27. Bd5 Qa5 28. c4 Qc3 29. Rh1 Qc2 30. Qh3 Nh7 31. c5 Bc7 32. Qc8+ Nf8 33. Rh8+ Kxh8 34. Qxf8+ Kh7 35. Qxe7 Qf5 36. Qxc7 Qxd5+ 37. Kg3 Qh1 38. f3 Qe1+ 39. Bf2 Qh1 40. Qf4 Bh5 41. d5 Qd1 42. d6 Bg6 43. c6 Qd5 44. c7 Qc6 45. Bxa7 Qd7 46. Qe5 Qc6 47. Qc5 Qxc5 48. Bxc5 Bf5 49. b4 Kg8 50. b5 f6 51. gxf6 gxf6 52. b6 Bc8 53. b7 Bxb7 54. d7 Kf7 55. d8Q Ke6 56. Kf4 Ba6 1-0

[Event "Solina Mind Sports U14 Girls op "]
[Site "Solina"]
[Date "2012.04.20"]
[Round "8"]
[White "Kaczmarska, Joanna"]
[Black "Guzik, Natalia"]
[Result "1-0"]
[WhiteElo "1452"]
[BlackElo "1203"]
[PlyCount "115"]
[EventDate "2012.04.15"]
[EventType "swiss"]
[EventRounds "9"]
[EventCountry "POL"]
[SourceTitle "EXT 2014"]
[Source "ChessBase"]
[SourceDate "2013.11.20"]
[SourceVersion "1"]
[SourceVersionDate "2013.11.20"]
[SourceQuality "1"]

1. d4 d5 2. c4 c6 3. Nf3 e6 4. Nc3 Nf6 5. Bg5 Nbd7 6. e3 Be7 7. cxd5 exd5 8. Qc2 0-0 9. Bd3 h6 10. Bh4 Re8 11. 0-0 Ne4 12. Bxe7 Qxe7 13. Nd2 Ndf6 14. Rfe1 Bd7 15. f3 Nxc3 16. bxc3 Qd6 17. e4 dxe4 18. fxe4 Qc7 19. Rab1 Re7 20. Nf3 Bg4 21. Ne5 Be6 22. Nf3 Bg4 23. Nd2 Rae8 24. Rf1 Bh5 25. Rfe1 c5 26. e5 cxd4 27. cxd4 Qxc2 28. Bxc2 Nh7 29. Nc4 b6 30. Nd6 Rd8 31. Bb3 Kh8 32. Rf1 f6 33. Rbe1 Bg6 34. h3 Bd3 35. Rf3 Rxd6 36. Rxd3 fxe5 37. Rc3 Rd8 38. Rxe5 Rxe5 39. dxe5 Re8 40. Bf7 Rf8 41. e6 Nf6 42. Rf3 Ne8 43. e7 Rxf7 44. Rxf7 Nf6 45. Rxf6 gxf6 46. e8Q+ Kg7 47. Kf2 a5 48. Kf3 b5 49. Qxb5 a4 50. Qxa4 h5 51. Qd7+ Kg6 52. a4 f5 53. a5 h4 54. a6 Kh6 55. a7 f4 56. a8Q Kh5 57. Qg4+ Kh6 58. Qh8# 1-0

[Event "Solina Mind Sports U14 Girls op "]
[Site "Solina"]
[Date "2012.04.16"]
[Round "2"]
[White "Trembowiecka Wysota, Aleksandra"]
[Black "Guzik, Natalia"]
[Result "0-1"]
[WhiteElo "1471"]
[BlackElo "1203"]
[PlyCount "52"]
[EventDate "2012.04.15"]
[EventType "swiss"]
[EventRounds "9"]
[EventCountry "POL"]
[SourceTitle "EXT 2014"]
[Source "ChessBase"]
[SourceDate "2013.11.20"]
[SourceVersion "1"]
[SourceVersionDate "2013.11.20"]
[SourceQuality "1"]

1. e4 c5 2. Nc3 d6 3. Nf3 Nf6 4. d4 cxd4 5. Nxd4 g6 6. Be2 Bg7 7. 0-0 0-0 8. f4 Qb6 9. Be3 Qxb2 10. Qd2 Qb4 11. Rab1 Qa5 12. Rb5 Qd8 13. f5 a6 14. Rbb1 Nc6 15. Nxc6 bxc6 16. Bh6 Bd7 17. Bxg7 Kxg7 18. Rf3 Rb8 19. Rh3 Rxb1+ 20. Nxb1 Qb6+ 21. Kh1 Qxb1+ 22. Bd1 h5 23. Rb3 Qa1 24. c3 Kg8 25. fxg6 fxg6 26. Kg1 Bg4 0-1